000
00333nam a22001457a 4500
008
210602b ||||| |||| 00| 0 eng d
020
_a
0444801723
041
_a
eng
080
_a
616.8
082
_a
616.8
100
_a
7
101
_a
TRU
245
_a
Psychoneuroendocrinology in Reproduction
_c
L. Zichella
942
_2
udc
_c
BK
999
_c
57923
_d
57923